Cadê? (Record no. 194699)

MARC details
000 -LÍDER
campo de controle de tamanho fixo 00326 a2200157 4500
001 - NÚMERO DE CONTROLE
campo de controle 194699
020 ## - ISBN - INTERNATIONAL STANDARD BOOK NUMBER
ISBN - International Standard Book Number 978-85-250-2890-7
040 ## - FONTE DA CATALOGAÇÃO
Instituição que transcreveu o registro Magnum
100 ## - ENTRADA PRINCIPAL--NOME PESSOAL
Nome pessoal Lins, Guto
240 10 - TÍTULO UNIFORME
Título uniforme Cadê?
Idioma da obra por
245 10 - TÍTULO
Título Cadê?
362 0# - DATAS DE PUBLICAÇÃO E/OU DESIGNAÇÃO SEQUENCIAL
Datas de publicação e/ou designação sequencial 2011
440 #1 - DECLARAÇÃO DE SÉRIE/ENTRADA ADICIONADA--TÍTULO
Título Globo
697 ## - ENTRADA DE ASSUNTO LOCAL--ENTIDADE COLETIVA (RLIN)
Nome corporativo ou nome da jurisdição LÍNGUA - LINGÜÍSTICA - LITERATURA
942 ## - ELEMENTOS DE ENTRADA ADICIONADOS (KOHA)
Tipo de material Koha Livros
Holdings
Situação do descarte Situação das perdas Situação física Não pode ser emprestado Biblioteca de origem Biblioteca atual Data de aquisição Total de empréstimos Número de chamada completo Código de barras Data de último acesso Data do preço efetivo Tipo de material Koha
        Magnum Magnum 08/06/2024   869.0.1302 MAG00075375 08/06/2024 08/06/2024 Livros
        Magnum Magnum 08/06/2024   869.0.1302 MAG00076338 08/06/2024 08/06/2024 Livros